[Event "RUS-chT Blitz Men 2018"]
[Site "Sochi"]
[Date "2018.10.10"]
[Round "2"]
[White "Oganian, Miran"]
[Black "Motylev, Alexander"]
[Result "0-1"]
[WhiteElo "2435"]
[BlackElo "2661"]
[Annotator "TA"]
[PlyCount "146"]
[EventDate "2018.10.10"]
[EventType "swiss"]
[EventCountry "RUS"]
[SourceTitle "playchess.com"]
[Source "ChessBase"]
[SourceQuality "1"]

{[%evp 14,146,3,9,0,-14,18,-50,-48,-35,-37,-39,-45,-44,-42,-39,-35,-52,-46,-55,-54,-50,-43,-48,-64,-62,-47,-53,-58,-62,-27,-19,-20,-34,-42,-52,-42,-62,-60,-116,-110,-132,-116,-118,-118,-204,-110,-114,-118,-138,-140,-139,-139,-139,-139,-139,-131,-135,-126,-165,-140,-240,-234,-240,-236,-230,-171,-281,-275,-392,-351,-357,-312,-454,-447,-441,-433,-391,0,-312,-237,-263,-209,-212,-191,-155,-148,-259,-143,-352,-352,-530,-519,-483,-409,-652,-620,-537,-455,-1050,-991,-1001,-1000,-992,-957,-1008,-1000,-1255,-1151,-5445,-4991,-29978,-29979,-29978,-29980,-29980,-29981,-29985,-29986,-29986,-29987,-29987,-29986,-29985,-29986,-29989,-29990,-29990,-29991,-29991,-29992,-29992,-29993,-29993,-29994]} 1. d4 d5 2. c4 c6 3. Nf3 Nf6 4. Qc2 g6 5. Bf4 dxc4 6. Qxc4 {D11: Slav Defence: 3 Nf3 sidelines and 3...Nf6 4 e3 Bg4} Be6 7. Qc1 Bg7 8. Nc3 {LiveBook: 4 Games. The position is equal.} O-O (8... Bg4 9. e3 Bxf3 10. gxf3 O-O 11. Qc2 Nbd7 12. O-O-O Qa5 13. e4 {0-1 (55) Oganian,M (2450)-Motylev,A (2663) Sochi 2016}) 9. e3 $146 ({Predecessor:} 9. e4 Bg4 10. Be3 Bxf3 11. gxf3 Nh5 12. Qd2 e5 13. d5 {0-1 (35) Semcesen,D (2457)-Volkov,S (2591) Lund 2016}) 9... Nbd7 {[%cal Bb8d7,Bd7b6,Bb6c4][%mdl 32]} 10. h3 (10. e4 $11) 10... c5 $15 11. Be2 Rc8 12. O-O cxd4 13. exd4 Nd5 14. Bd2 N7b6 15. Rd1 Nxc3 16. bxc3 Bc4 17. Bxc4 Nxc4 18. Bh6 Qa5 19. Bxg7 Kxg7 20. Rd3 Rfd8 21. Qe1 e5 22. Qe2 Re8 {[%cal Bd8e8,Be8e5,Be5f5][%mdl 32] [#] Hoping for ...e4.} 23. dxe5 Nxe5 24. Nxe5 Rxe5 25. Qf3 Rc7 26. Rd6 (26. g3 $15) 26... Rf5 $36 {[%mdl 2048] Black is on the roll.} 27. Qe4 Qxc3 28. Rad1 Qe5 29. Qh4 (29. Qb1 $17) 29... Qf4 (29... Rc2 $19 30. R6d5 Qxd5 31. Rxd5 Rxd5) 30. Qxf4 Rxf4 {[%mdl 4096] Endgame KRR-KRR} 31. Rd7 Rfc4 32. Rxc7 Rxc7 {KR-KR} 33. Rd4 b6 34. g3 Rc5 35. Kg2 h5 36. h4 Kf6 37. Rf4+ (37. Kf3 $17 {is a better defense.}) 37... Ke6 $19 38. Re4+ Re5 39. Ra4 a5 40. Rc4 (40. Kf3 {was worth a try.}) 40... Kd6 41. Rf4 (41. g4 $142) 41... Rf5 {And now ...Rxf4 would win.} 42. Rc4 Rc5 43. Rf4 (43. Rd4+ $142 Rd5 44. Rf4) 43... f5 44. Rd4+ Rd5 45. Rc4 Rc5 46. Rd4+ $1 Ke6 47. Rd8 Rc2 48. Rg8 Kf7 ({And not} 48... Rxa2 49. Rxg6+ Ke5 50. Rxb6 $11) 49. Rb8 Rb2 ({Don't play} 49... Rxa2 50. Rb7+ Kf6 51. Rxb6+ Ke5 52. Rxg6 $17) 50. Kf3 {[#]} (50. a4 $17) 50... a4 ({Not} 50... Rxa2 51. Rb7+ Ke8 52. Rxb6 $17) ({Better is} 50... b5 $1 $19 51. a3 Ke6) 51. a3 $2 (51. Kf4 $17) 51... Kf6 52. Ke3 (52. Kg2 {was necessary.} Rb3 53. f4) 52... Ke5 53. Kd3 b5 54. Ke3 (54. Re8+ $142 Kf6 55. Rf8+ Ke7 56. Rg8) 54... Rb3+ 55. Ke2 Kd4 56. Rb6 (56. Kd2 $142) 56... Kc5 57. Rxg6 Rxa3 58. Rg5 Kc4 59. Rxf5 Ra2+ 60. Ke3 a3 61. Rxh5 Ra1 62. Rh8 a2 {Black mates.} 63. Rc8+ Kb3 64. Ra8 Re1+ 65. Kf4 a1=Q 66. Rxa1 Rxa1 {KR-K3P} 67. h5 Rh1 68. g4 Kc4 69. Kg5 b4 70. f4 b3 71. f5 b2 72. f6 b1=Q 73. f7 Rf1 {Precision: White = 40%, Black = 76%.} 0-1

[Event "RUS-chT Blitz Men 2018"]
[Site "Sochi"]
[Date "2018.10.10"]
[Round "2"]
[White "Sharafiev, Azat"]
[Black "Kryakvin, Dmitry"]
[Result "1/2-1/2"]
[WhiteElo "2432"]
[BlackElo "2595"]
[Annotator "TA"]
[PlyCount "140"]
[EventDate "2018.10.10"]
[EventType "swiss"]
[EventCountry "RUS"]
[SourceTitle "playchess.com"]
[Source "ChessBase"]
[SourceQuality "1"]

{[%evp 9,140,10,35,15,25,22,23,12,12,2,0,-19,-16,-5,-17,-57,-55,-126,-89,-152,-166,-152,-76,-206,-159,-175,-110,-252,-166,-281,-185,-208,-199,-209,-196,-409,-173,-175,-168,-166,-167,-199,-199,-288,-296,-416,-420,-395,-393,-425,-14,-17,-14,-366,56,56,67,63,84,84,97,84,84,64,84,84,97,84,96,97,137,156,146,121,201,32,32,32,32,32,32,32,32,32,32,32,32,31,31,31,31,0,31,31,31,0,31,31,31,31,31,31,31,31,64,31,31,31,31,0,0,0,0,0,8,0,0,0,0,0,0,0,0,0,8,0,0,0,0,0,0,0,0]} 1. d4 d5 2. c4 c6 3. Nf3 Nf6 4. Nc3 dxc4 5. a4 a5 6. Ne5 {D16: Slav Defence: 5 a4: Lines with 5...Bg4 and 5...Na6} (6. e4 Bg4 7. Bxc4 e6 8. Be3 Nbd7 9. h3 Bh5 10. O-O Bb4 11. Bd3 O-O 12. Qc2 Bxf3 13. gxf3 e5 14. dxe5 Nxe5 15. Be2 Ng6 16. f4 Bxc3 17. bxc3 {½-½ (51) So,W (2815)-Giri,A (2785) chess.com INT 2017}) 6... e6 7. e3 Bb4 $146 ({Predecessor:} 7... c5 8. Bxc4 cxd4 9. exd4 Nc6 10. O-O Qxd4 11. Qxd4 Nxd4 12. Rd1 Nc6 13. Nb5 Nxe5 {1-0 (38) Dobrev,N (2374)-Kukov,V (2230) Borovetz 2003}) 8. Bxc4 {White has an edge.} Nbd7 9. Nd3 O-O 10. Nxb4 axb4 11. Ne2 b5 12. Bb3 c5 {[%cal Bc6c5,Bc5c4,Bc4c3][%mdl 32]} 13. Bc2 (13. Bd2 $15) 13... c4 14. b3 (14. Bd2 $142 b3 15. Bb1) 14... Bb7 $1 $17 15. O-O Qc7 (15... Qa5 $142 $1 {...cxb3 is the strong threat.} 16. Bd2 c3) 16. Bd2 (16. f3 $17) 16... c3 17. Bc1 e5 (17... bxa4 $19 {Strongly threatening ...a3.} 18. Rxa4 Rxa4 19. bxa4 Bc6) 18. Ng3 (18. a5 $17) 18... Rfd8 ({Weaker is} 18... Qc6 19. e4 $17) 19. Nf5 {[#]} (19. a5 {is a better defense.}) 19... Nc5 $1 {[%mdl 512]} 20. a5 (20. dxc5 Rxd1) 20... Ne6 ({But not} 20... Rxa5 21. Rxa5 Qxa5 22. Qe2) 21. Qe2 exd4 22. Nxd4 $2 (22. a6 {might work better.}) 22... Nxd4 (22... Rxd4 $142 23. exd4 Nxd4) 23. exd4 $19 Rxa5 $40 {[%mdl 128] White is in trouble.} 24. Rxa5 Qxa5 25. Bg5 {aiming for Bxf6.} Qb6 26. Bxf6 (26. Re1 $142 g6 27. Be3) 26... Qxf6 ({Not} 26... gxf6 27. Qg4+ Kf8 28. Qf4 $15) 27. Re1 (27. Rd1 $142 g6 28. Qxb5) 27... g6 28. Qxb5 Bc6 29. Qxb4 Qxd4 $2 ({Black should play} 29... Qg5 $19 {[%csl Gc6][%cal Rg5g2]} 30. d5 Bxd5) 30. Qxd4 $11 Rxd4 $19 {[%mdl 4096] Endgame KRB-KRB} 31. Re3 $2 {[%mdl 8192]} (31. f3 $11 {and White has nothing to worry.}) 31... Bd7 $2 ({Black should try} 31... Rd2 $1 $19 {[%cal Rd2c2]} 32. Rxc3 Be4 $1 {[%mdl 512]}) 32. Rxc3 $14 Bf5 {Hoping for ...Bxc2.} 33. g3 (33. Kf1 {is interesting.} Be6 34. Bd3 Rb4 35. Bc4 Bxc4+ 36. bxc4 Kf8 37. g4) 33... Bxc2 34. Rxc2 {KR-KR} Rd1+ 35. Kg2 Rb1 36. Rc8+ Kg7 37. Rb8 h5 38. b4 {[%cal Bb3b4,Bb4b5,Bb5b6][%mdl 32]} Rb3 39. b5 Kf6 40. b6 g5 {[#]} 41. h3 $1 h4 (41... Ke7 $16 42. b7 h4) 42. gxh4 $2 ({White must play} 42. b7 $18) 42... gxh4 43. b7 Kf5 44. Rh8 Rxb7 45. Rxh4 Kg6 46. Rg4+ Kh6 47. Kg3 Rb3+ 48. f3 Rb5 49. Kf4 Rc5 50. Kg3 Rb5 51. Re4 Kg6 52. Rg4+ Kh6 53. Rd4 Kg6 54. h4 Rc5 55. Kg4 Rb5 56. Rd6+ f6 57. Rd8 Rb4+ 58. Kg3 Kg7 59. h5 Rb5 {The position is equal.} 60. Kg4 Rg5+ $1 61. Kh4 Rg1 62. Rd4 Kh6 63. Rd5 Rh1+ 64. Kg4 Rg1+ $1 65. Kf4 Rh1 66. Rf5 Rxh5 67. Rxh5+ Kxh5 68. Kf5 Kh4 69. Kxf6 Kg3 70. Kg5 {Intending f4 and mate.} Kxf3 {Precision: White = 30%, Black = 57%.} 1/2-1/2

[Event "RUS-chT Blitz Men 2018"]
[Site "Sochi"]
[Date "2018.10.10"]
[Round "2"]
[White "Savitskiy, Sergey"]
[Black "Kozak, Alexander"]
[Result "1-0"]
[WhiteElo "2413"]
[BlackElo "2262"]
[Annotator "TA"]
[PlyCount "75"]
[EventDate "2018.10.10"]
[EventType "swiss"]
[EventCountry "RUS"]
[SourceTitle "playchess.com"]
[Source "ChessBase"]
[SourceQuality "1"]

{[%evp 10,75,47,51,59,14,51,32,75,71,120,118,108,74,93,55,118,84,148,139,124,95,133,51,51,0,60,60,63,62,60,66,161,152,145,161,157,136,93,93,158,109,172,159,268,277,256,172,163,172,165,170,714,697,29981,29982,29971,29972,29986,29949,29942,29953,6352,6319,6283,6283,5473,5406]} 1. e4 {[%cal Be2e4,Be4e5][%mdl 32]} c6 2. d4 d5 3. Nc3 g6 4. e5 Bg7 5. h4 (5. f4 h5 6. Nf3 Nh6 7. Be3 Qb6 8. Rb1 Bg4 9. Be2 Nd7 10. O-O Nf8 11. Na4 Qc7 12. Nc5 Nf5 13. Bf2 Bh6 14. Nh4 Bxf4 15. Bxg4 Ne3 {1-0 (52) Duda,J (2693)-Jobava,B (2713) Chartres 2017}) 5... h5 6. Bg5 {LiveBook: 3 Games. B15: Caro-Kann: 3 Nc3: 3...g6 and 3...dxe4 4 Nxe4 Nf6 5 Nxf6+ exf6} Nh6 7. Bd3 $146 ({Predecessor:} 7. Qd2 Na6 8. Bxa6 bxa6 9. Na4 f6 10. exf6 exf6 11. Bf4 Nf5 12. O-O-O Kf7 {1-0 (25) Piskov,Y (2500)-Danner,G (2355) Dortmund 1992}) 7... Qb6 (7... c5 $5) 8. Nge2 {White is slightly better.} Qxb2 9. O-O Qb6 10. Rb1 {[%mdl 1024] White has strong compensation.} Qc7 11. Ng3 e6 12. Qd2 Nf5 ({Better is} 12... b6 $14) 13. Nce2 b5 (13... Nd7 $142) 14. a4 $16 a6 15. Ra1 Ra7 16. Ra2 (16. Nxf5 $16 exf5 17. Nf4) 16... Nd7 $14 17. Rfa1 (17. Nxf5 $14 exf5 18. Rfa1 (18. Qb4 c5 $11) (18. axb5 axb5 19. Rxa7 Qxa7 $14)) 17... Rb7 (17... Nxg3 $11 18. fxg3 c5) 18. axb5 axb5 19. Bxf5 exf5 20. Nf4 ({Reject} 20. Qb4 $6 c5 $11) 20... Nf8 (20... Nb6 $14) 21. Ra8 $36 {[%mdl 2048] [#] Black must now prevent Qc3. White has strong initiative.} Ne6 22. Nxe6 fxe6 23. Qb4 Kf7 24. Ne2 Bf8 ({Black should try} 24... Re8) 25. Qb2 Be7 (25... Bg7 $16) 26. Qc1 c5 (26... b4 $16 27. Qe3 Kg7) 27. Bxe7 Qxe7 28. dxc5 Qxc5 29. Qg5 Qe7 30. Qg3 Rd8 $2 (30... Rg8 31. c3 Rd7) 31. Nf4 Rg8 {[#] Black hopes to continue with ...Rc7.} 32. Rxc8 $1 {[%mdl 512]} Rg7 (32... Rxc8 33. Qxg6+) 33. Raa8 g5 34. Rf8+ Qxf8 35. Rxf8+ Kxf8 36. Nxe6+ {White is clearly winning.} Kg8 37. Nxg7 Rxg7 38. hxg5 {Precision: White = 63%, Black = 31%.} 1-0

[Event "RUS-chT Blitz Men 2018"]
[Site "Sochi"]
[Date "2018.10.10"]
[Round "2"]
[White "Vastrukhin, Oleg"]
[Black "Grachev, Boris"]
[Result "1/2-1/2"]
[WhiteElo "2413"]
[BlackElo "2626"]
[Annotator "TA"]
[PlyCount "90"]
[EventDate "2018.10.10"]
[EventType "swiss"]
[EventCountry "RUS"]
[SourceTitle "playchess.com"]
[Source "ChessBase"]
[SourceQuality "1"]

{[%evp 10,90,25,18,36,0,0,0,0,-8,-1,-10,22,-6,0,-23,-3,-39,-43,-39,-32,-47,-39,-39,-41,-54,-37,-91,-104,-96,-101,-103,-79,-79,-77,-73,-36,-36,-36,-36,-41,-69,-78,-95,-95,-95,-95,-95,-81,-76,-66,-66,-66,-71,-53,-62,-31,-20,0,-4,-4,-4,-4,-4,0,-4,-4,-4,-4,-4,0,-4,-4,-4,-4,-4,-4,-4,-4,-4,-4,-4,0]} 1. Nf3 d5 2. g3 c6 3. Bg2 Nf6 4. O-O h6 5. d3 Bf5 6. c4 dxc4 {A07: Réti Opening: New York and Capablanca Systems} 7. dxc4 Nbd7 8. Nc3 e6 9. b3 Qc7 10. Bb2 $146 ({Predecessor:} 10. Bd2 Rd8 11. Qc1 e5 12. h3 Be7 13. Be3 O-O 14. Rd1 Rfe8 15. Qb2 {½-½ (53) Javakhadze,Z (2451)-Rodshtein,M (2683) Groningen 2013}) 10... Be7 11. Qc1 (11. e4 $5 {[%cal Re4f5]} Bg6 12. Qe2 $11) 11... O-O 12. Rd1 Rfd8 13. Qf4 Qxf4 14. gxf4 Nc5 {[%cal Bd7c5,Bc5e4,Be4c3][%mdl 32]} 15. Ne5 a5 16. Ba3 Bf8 17. Kf1 Nce4 18. Bxf8 ({White should try} 18. Bb2 $15) 18... Nxc3 $17 ({And not} 18... Rxf8 19. Na4 $16) 19. Rxd8 Rxd8 20. Bc5 Rd2 21. Bb6 Bb1 {[%cal Rd2d1] [#]} 22. Bf3 Rxa2 23. Rxa2 Bxa2 24. Bxa5 Nce4 25. b4 Nd2+ 26. Kg2 Nxc4 27. Nxc4 Bxc4 {[%mdl 4096] Endgame KBB-KBN} 28. e4 Bd3 29. e5 Nd7 {[#] Strongly threatening ...b6.} 30. Bc7 Bc4 31. Bd1 f5 32. Kf3 Bd5+ 33. Ke3 b5 {The position is equal.} 34. Kd4 Kf7 35. h4 $1 Kg6 36. Be2 Kf7 37. Bd1 g6 38. Be2 Ke8 39. Bd1 Kf7 40. Be2 Kg7 41. Bd1 Kg8 42. Be2 Kh7 43. Bd1 Kg7 44. Be2 Kf7 45. Bd1 Kg7 {Precision: White = 64%, Black = 54%.} 1/2-1/2

[Event "RUS-chT Blitz Men 2018"]
[Site "Sochi"]
[Date "2018.10.10"]
[Round "2"]
[White "Sergeyev, Alexander"]
[Black "Nechaev, Oleg"]
[Result "0-1"]
[WhiteElo "2397"]
[BlackElo "2400"]
[Annotator "TA"]
[PlyCount "102"]
[EventDate "2018.10.10"]
[EventType "swiss"]
[EventCountry "RUS"]
[SourceTitle "playchess.com"]
[Source "ChessBase"]
[SourceQuality "1"]

{[%evp 19,102,0,0,0,0,-6,-19,-31,-32,-29,-2,-58,-8,-42,-54,-41,-47,-45,-41,-95,-91,-82,-68,-69,-69,-71,-54,-154,-148,-141,-143,-139,-141,-126,0,-153,0,-168,-162,-211,-191,-304,-299,-355,-355,-355,-355,-355,-308,-355,-355,-355,-355,-365,-366,-396,-365,-365,-366,-375,-355,-567,-373,-656,-442,-533,-454,-1067,-927,-857,-834,-1331,-1218,-945,-803,-29975,-29975,-29978,-29979,-29978,-29980,-29980,-29981,-29987,-29988]} 1. e4 c5 2. Nc3 Nc6 3. Bb5 g6 4. Bxc6 dxc6 5. Nf3 Bg7 6. O-O Nf6 {[%cal Bg8f6,Bf6e8,Be8c7,Bc7e6][%mdl 32]} 7. Re1 O-O 8. d3 {B31: Sizilianisch (Rossolimo-Variante)} Ne8 9. h3 e5 (9... Nc7 10. a4 Ne6 11. a5 Nd4 12. e5 Bf5 13. Be3 Re8 14. Bxd4 cxd4 15. Ne4 Qd5 16. Ng3 {1-0 (29) Acs,P (2588)-Szamoskozi,G (2297) Hungary 2017}) 10. Be3 b6 {LiveBook: 4 Partien} 11. a4 a5 12. Nd2 $146 ({Vorgänger:} 12. Nb1 Nc7 13. Nbd2 Ne6 14. Nc4 Qc7 15. c3 Rd8 16. Qb3 Rb8 17. Rad1 {½-½ (34) Gressmann,M (2055)-Ronge,T (1968) Willingen 2015}) 12... Nc7 13. Nc4 Ne6 14. Qd2 Ra7 15. Kh1 (15. Bh6 $11) 15... Kh8 16. f4 exf4 17. Bxf4 Nxf4 18. Qxf4 Be6 19. Rad1 (19. Nd2 $15) 19... Bxc4 $17 20. dxc4 Rd7 21. Rxd7 Qxd7 22. e5 Re8 23. Rd1 (23. e6 $1 $15 Qe7 24. Qg3) 23... Qe7 24. Qe4 Bxe5 25. Qxc6 Bxc3 $1 26. bxc3 {[%mdl 4096] Endspiel [#] KDT-KDT} Qe2 ({Besser ist} 26... Qe6 $1 $17 {[%cal Re6c6]} 27. Qd5 Qe2) 27. Qf6+ $1 $11 Kg8 28. Rf1 $2 (28. Rd8 $11 {und Weiss ist OK.}) 28... Qxc4 $19 29. Rf3 Qe6 30. Qxe6 (30. Kh2 $142) 30... Rxe6 {KT-KT} 31. Rd3 Re4 32. Rd6 Rxa4 33. Rxb6 Rc4 34. Ra6 Rxc3 35. Rxa5 Rxc2 36. Kh2 h5 37. Kg3 Kg7 38. Kf3 c4 {[%cal Bc5c4,Bc4c3][%mdl 32]} 39. Rc5 c3 40. Rc6 (40. g4 {ist wohl besser.} hxg4+ 41. hxg4) 40... Rc1 41. Rc7 $2 (41. h4) 41... Kf6 42. Rc6+ Ke5 43. Rc7 (43. Ke3 $142) 43... Kd4 44. Ke2 Rg1 {[#] Droht ...c2 und aus.} 45. Kf2 Rb1 46. Ke2 Rb2+ 47. Kf3 c2 {Schwarz setzt Matt.} 48. Rd7+ Kc3 49. Rc7+ Kd2 50. Rd7+ Kc1 51. Ke2 Kb1 {Precision: Weiß = 27%, Schwarz = 76%.} 0-1

[Event "RUS-chT Blitz Men 2018"]
[Site "Sochi"]
[Date "2018.10.10"]
[Round "2"]
[White "Tekeyev, Zaur"]
[Black "Belyakov, Bogdan"]
[Result "0-1"]
[WhiteElo "2392"]
[BlackElo "2458"]
[Annotator "RC"]
[PlyCount "98"]
[EventDate "2018.10.10"]
[EventType "swiss"]
[EventCountry "RUS"]
[SourceTitle "playchess.com"]
[Source "ChessBase"]
[SourceQuality "1"]
[TimeControl "180+2"]

1. e4 {[%emt 0:00:00]} e5 {[%emt 0:00:00]} 2. Nf3 {[%emt 0:00:00]} Nc6 {[%emt 0:00:00]} 3. Bc4 {[%emt 0:00:01]} Nf6 {[%emt 0:00:02]} 4. d3 {[%emt 0:00:01]} Bc5 {[%emt 0:00:02]} 5. O-O {[%emt 0:00:02]} O-O {[%emt 0:00:02]} 6. Bg5 {[%emt 0:00:02]} h6 {[%emt 0:00:02]} 7. Bh4 {[%emt 0:00:01]} Be7 {[%emt 0:00:02]} 8. Bg3 {[%emt 0:00:02]} d6 {[%emt 0:00:03]} 9. a4 {[%emt 0:00:01]} Nh5 {[%emt 0:00:18]} 10. Nxe5 {[%emt 0:00:09]} Nxg3 {[%emt 0:00:26]} 11. Nxc6 {[%emt 0:00:09]} bxc6 {[%emt 0:00:02]} 12. hxg3 {[%emt 0:00:03]} d5 {[%emt 0:00:02]} 13. Bb3 {[%emt 0:00:12]} Bf6 {[%emt 0:00:02]} 14. c3 {[%emt 0:00:28]} Rb8 {[%emt 0:00:03]} 15. Nd2 {[%emt 0:00:03]} Be6 {[%emt 0:00:14]} 16. exd5 {[%emt 0:00:10]} cxd5 {[%emt 0:00:02]} 17. d4 {[%emt 0:00:08]} Qd6 {[%emt 0:00:03]} 18. Rb1 {[%emt 0:00:09]} c5 {[%emt 0:00:05]} 19. dxc5 {[%emt 0:00:13]} Qxc5 {[%emt 0:00:01]} 20. Bc2 {[%emt 0:00:03]} Rfd8 {[%emt 0:00:09]} 21. Nb3 {[%emt 0:00:09]} Qc4 {[%emt 0:00:10]} 22. Nd2 {[%emt 0:00:49]} Qc5 {[%emt 0:00:06]} 23. Qf3 {[%emt 0:00:03]} Rb6 {[%emt 0:00:17]} 24. Rfc1 {[%emt 0:00:44]} Kf8 {[%emt 0:00:09]} 25. Nf1 {[%emt 0:00:03]} Rdb8 {[%emt 0:00:02]} 26. Bf5 {[%emt 0:00:04]} Rxb2 {[%emt 0:00:09]} 27. Rxb2 {[%emt 0:00:01]} Rxb2 {[%emt 0:00:01]} 28. Ne3 {[%emt 0:00:01]} Bxf5 {[%emt 0:00:35]} 29. Nxf5 {[%emt 0:00:01]} Rb8 {[%emt 0:00:05]} 30. Rd1 {[%emt 0:00:02]} Qxc3 {[%emt 0:00:15]} 31. Qxd5 {[%emt 0:00:01]} Kg8 {[%emt 0:00:09]} 32. Qe4 {[%emt 0:00:05]} Qe5 {[%emt 0:00:08]} 33. Qg4 {[%emt 0:00:01]} Kh8 {[%emt 0:00:06]} 34. Ne3 {[%emt 0:00:01]} Qe6 {[%emt 0:00:04]} 35. Qf4 {[%emt 0:00:01]} Re8 {[%emt 0:00:01]} 36. Rd6 {[%emt 0:00:03]} Qe5 {[%emt 0:00:02]} 37. Rxf6 {[%emt 0:00:04]} Qxf6 {[%emt 0:00:02]} 38. Qc4 {[%emt 0:00:01]} a6 {[%emt 0:00:01]} 39. Qc2 {[%emt 0:00:03]} Rd8 {[%emt 0:00:01]} 40. Qb1 {[%emt 0:00:02]} Qd4 {[%emt 0:00:01]} 41. Qa2 {[%emt 0:00:02]} Qd7 {[%emt 0:00:01]} 42. Qc4 {[%emt 0:00:01]} a5 {[%emt 0:00:03]} 43. Qf4 {[%emt 0:00:02]} Rc8 {[%emt 0:00:03]} 44. Nf5 {[%emt 0:00:01]} Qe6 {[%emt 0:00:03]} 45. Kh2 {[%emt 0:00:03]} Qf6 {[%emt 0:00:01]} 46. Qg4 {[%emt 0:00:02]} Rd8 {[%emt 0:00:01]} 47. f3 {[%emt 0:00:03]} Qg6 {[%emt 0:00:05]} 48. Qh3 {[%emt 0:00:01]} Rd5 {[%emt 0:00:02]} 49. Ne3 {[%emt 0:00:01]} Rh5 {[%emt 0:00:01]} 0-1

[Event "RUS-chT Blitz Men 2018"]
[Site "Sochi"]
[Date "2018.10.10"]
[Round "2"]
[White "Ozgibcev, Anatoly"]
[Black "Alekseenko, Kirill"]
[Result "0-1"]
[WhiteElo "2368"]
[BlackElo "2639"]
[Annotator "TA"]
[PlyCount "102"]
[EventDate "2018.10.10"]
[EventType "swiss"]
[EventCountry "RUS"]
[SourceTitle "playchess.com"]
[Source "ChessBase"]
[SourceQuality "1"]

{[%evp 9,101,36,58,10,13,16,20,12,25,12,12,0,47,0,0,-17,-14,-8,-12,-39,-28,-36,-8,-46,-6,-35,-26,-41,-33,-120,17,-67,-62,-144,-119,-178,-122,-127,-99,-195,-107,-141,-137,-142,-139,-143,-137,-141,-116,-123,-119,-141,-128,-122,-94,-84,-35,-39,-50,-47,-51,-63,-39,-25,-33,-76,-48,-41,-29,-41,0,-55,-43,-50,-34,-46,0,-7,0,-58,-45,-58,-55,-125,-45,-52,-62,-1110,-1046,-29990,-29991,-29991,-3549,-29999]} 1. e4 c5 2. c3 Qa5 3. Nf3 Nc6 4. d3 (4. Na3 Nf6 5. e5 Nd5 6. Bc4 e6 7. O-O Nc7 8. Bd3 b5 9. Be4 Bb7 10. d4 cxd4 11. cxd4 h6 12. Bd2 Qa6 13. Nc2 Ne7 14. Bd3 Qb6 15. a4 bxa4 16. Ne3 Bd5 17. Rxa4 Nc6 18. Nxd5 Nxd5 19. Qe2 Qb8 20. Ne1 Nce7 21. Qe4 {½-½ (21) Zhigalko,S (2646)-Andreikin,D (2659) Puerto Madryn 2009}) 4... g6 5. Nbd2 Bg7 6. g3 {B22: Sicilian: 2 c3} d6 7. Bg2 Nf6 8. O-O {The position is equal.} O-O 9. Re1 $146 ({Predecessor:} 9. h3 Rb8 10. Re1 h6 11. Nb3 Qc7 {½-½ (41) Yordanova,S (2131)-Melia,S (2456) Kocaeli 2015}) 9... Qc7 10. d4 e5 {[%cal Re5d4]} 11. dxe5 dxe5 12. a4 Be6 13. Ng5 Bg4 14. Qc2 h6 15. Ngf3 Be6 16. Bf1 Rad8 17. Bc4 Bg4 $36 {[%mdl 2048] Black has the initiative.} 18. Be2 Na5 19. Kg2 (19. b3 $15) 19... Rd7 (19... c4 $17 20. h3 Be6) 20. h3 (20. Nc4 $11) 20... Be6 $15 21. c4 (21. b3 $15) 21... Nc6 22. b3 (22. Qb1 $17 {was necessary.}) 22... Rfd8 (22... Nb4 $19 23. Qc3 Rfd8) 23. Bb2 Nh7 24. Nf1 {[#]} (24. Bc3 $17) 24... Nd4 (24... f5 $1 $19 {aiming for ...fxe4.} 25. Ne3 Nd4 26. Nxd4 cxd4) 25. Bxd4 exd4 26. Bd3 Re7 27. N1d2 Rde8 28. a5 Qc8 29. h4 Nf6 30. Qb2 Bh3+ 31. Kg1 Ng4 32. b4 b6 33. axb6 axb6 34. bxc5 bxc5 35. Qa3 Ne5 36. Nxe5 Bxe5 37. Nf3 Bg7 38. Qa6 Qc7 39. Qa5 Qc8 40. Qa6 $1 Qg4 41. Nh2 Qh5 42. Qd6 Re6 43. Qd5 $1 Re5 44. Qd6 (44. Ra8 $11 Bf8 45. Rxe8 Rxe8 46. Qxh5 gxh5 47. Ra1) 44... g5 45. hxg5 hxg5 46. Ra7 {[#]} ({White must play} 46. Qc6 $1 $15) 46... Bf5 $1 {[%mdl 512]} 47. Qc6 (47. exf5 Rxe1+) 47... R5e6 48. Qxc5 $2 {[%mdl 8192] [#]} (48. Qa4 $15) 48... Rh6 $1 $19 {( -> ...Bg4)} 49. Qc6 Qxh2+ 50. Kf1 Qh3+ (50... Rxc6 $142 51. Ke2 Bg4+ 52. Kd2 Qxf2+ 53. Re2 Bxe2 54. Ra4 Bf1+ 55. Kd1 Bxd3 56. Ra2 Qxa2 57. g4 Rxe4 58. Kc1 Re1#) 51. Kg1 Qh1# {Precision: White = 31%, Black = 47%.} 0-1